|
|
|
|
| LEADER |
01080nab#a2200313#ar4500 |
| 001 |
000079933 |
| 003 |
SVKKK |
| 005 |
20050804xxxxxxx. |
| 008 |
06 c xo huno |
| FMT |
|
|
|
| 038 |
|
|
|a SVKKK
|
| 040 |
|
|
|a SVKKK
|b slo
|e AACR2
|
| 041 |
0 |
|
|a hun
|
| 044 |
|
|
|a xo
|c SK
|
| 080 |
|
|
|a 282(Spiš):271(min)
|
| 242 |
1 |
0 |
|a Posviacka kostolného kríža
|
| 245 |
0 |
0 |
|a Toronykereszt szentelés
|
| 500 |
|
|
|a Ex/M 74
|
| 520 |
2 |
|
|a Dňa 19. októbra 1908 pustošil veľký požiar, ktorý anrobil škody aj v kostole minoritov v Levoči. Od toho času rád nákladom 42.785 korún dal si opraviť kláštor a kostol. V auguste 1909 (minulý týždeň) - sa konal posviacka kostola a novozadovážených zvonov.
|
| 650 |
0 |
4 |
|a kostol minoritov, Levoča - posviacka kríža - posviacka zvonov - Levoča (SN) - august 1909 - správy
|
| 773 |
0 |
|
|t Felsőmagyarország : Kassai Napló
|g Roč. 25, č. 183 (11.08.1909) s. 4
|
| 957 |
|
|
|a Levoča
|
| 958 |
|
|
|a CI
|
| 958 |
|
|
|a DG
|
| 958 |
|
|
|a SK
|
| 974 |
|
|
|a Ba
|d 20050804
|
| 992 |
|
|
|a RBX
|
| BAS |
|
|
|
| 998 |
|
|
|a RETRO
|